Grocery store choice & value for money a global Nielsen consumer report : January 2008.

Bibliographic Details
Format: Book
Published: [S.l]: The Nielsen, 2007.
Subjects:
LEADER 00419cam a2200133 7i4500
001 0000022637
005 20090604090000.0
090 0 0 |a I 381.1   |b GRO 
245 0 0 |a Grocery store choice & value for money a global Nielsen consumer report :   |b January 2008. 
260 0 0 |a [S.l]:   |b The Nielsen,   |c 2007. 
300 # # |a 9 p. 
650 0 0 |a Grocery trade  
650 0 0 |a Retail trade  
999 |a 0000023505  |b Book  |c International  |e Business Information Centre